[Event "Corrientes City-ch"]
[Site "Corrientes"]
[Date "2022.05.14"]
[Round "1"]
[White "Mahmud, Lihue Mateo"]
[Black "Libutti, Jose Carlos"]
[Result "1-0"]
[WhiteElo "1662"]
[BlackElo "1238"]
[PlyCount "53"]
[EventDate "2022.05.14"]
[EventType "swiss"]
[EventRounds "6"]
[EventCountry "ARG"]
[SourceTitle "CBM 208 Extra"]
[Source "ChessBase"]
[SourceDate "2022.07.31"]
[SourceVersion "1"]
[SourceVersionDate "2022.07.31"]
[SourceQuality "1"]

1. e4 e5 2. Bc4 Bc5 3. d3 a6 4. a3 Ne7 5. Bg5 0-0 6. Nf3 d6 7. c3 Be6 8. Nbd2 Qd7 9. Be3 Ba7 10. Bxa7 Rxa7 11. d4 exd4 12. cxd4 Bxc4 13. Nxc4 f5 14. e5 Qb5 15. Rc1 d5 16. Ncd2 Nbc6 17. b4 Qd3 18. Qb3 Qb5 19. Rc5 Qb6 20. 0-0 Raa8 21. Rfc1 Qa7 22. Nb1 b6 23. Rxc6 Nxc6 24. Qxd5+ Kh8 25. Qxc6 h5 26. Qg6 b5 27. Ng5 1-0